Party politics in Pakistan, 1947-1958 / (Record no. 331699)

000 -LEADER
fixed length control field 01045cam a2200289 a 4500
001 - CONTROL NUMBER
control field 14983072
003 - CONTROL NUMBER IDENTIFIER
control field NUST
005 - DATE AND TIME OF LATEST TRANSACTION
control field 20171016112652.0
008 - FIXED-LENGTH DATA ELEMENTS--GENERAL INFORMATION
fixed length control field 070828r20071976pk b 001 0 eng
010 ## - LIBRARY OF CONGRESS CONTROL NUMBER
LC control number 2007432452
020 ## - INTERNATIONAL STANDARD BOOK NUMBER
International Standard Book Number 9789693519808
020 ## - INTERNATIONAL STANDARD BOOK NUMBER
International Standard Book Number 9693519809
025 ## - OVERSEAS ACQUISITION NUMBER
Overseas acquisition number P-E-2007432452; 20
040 ## - CATALOGING SOURCE
Original cataloging agency DLC
Transcribing agency DLC
043 ## - GEOGRAPHIC AREA CODE
Geographic area code a-pk---
050 00 - LIBRARY OF CONGRESS CALL NUMBER
Classification number JQ559.A45
Item number A9 2007
082 ## - DEWEY DECIMAL CLASSIFICATION NUMBER
Classification number 954.91
Author Mark AZI
100 1# - MAIN ENTRY--PERSONAL NAME
Personal name Aziz, Khursheed Kamal.
9 (RLIN) 5467
245 10 - TITLE STATEMENT
Title Party politics in Pakistan, 1947-1958 /
Statement of responsibility, etc. by K.K. Aziz.
260 ## - PUBLICATION, DISTRIBUTION, ETC.
Place of publication, distribution, etc. Lahore :
Name of publisher, distributor, etc. Sang-E-Meel Publications,
Date of publication, distribution, etc. 2007.
300 ## - PHYSICAL DESCRIPTION
Extent x, 302 p.
Dimensions 24 cm.
500 ## - GENERAL NOTE
General note Originally published: Islamabad : National Commission on Historical and Cultural Research, 1976.
504 ## - BIBLIOGRAPHY, ETC. NOTE
Bibliography, etc. note Includes bibliographical references (p. 289-294) and index.
650 #0 - SUBJECT ADDED ENTRY--TOPICAL TERM
Topical term or geographic name entry element Political parties
Geographic subdivision Pakistan.
9 (RLIN) 4599
651 #0 - SUBJECT ADDED ENTRY--GEOGRAPHIC NAME
Geographic name Pakistan
General subdivision Politics and government.
9 (RLIN) 206
906 ## - LOCAL DATA ELEMENT F, LDF (RLIN)
a 7
b cbc
c origcop
d 3
e ncip
f 20
g y-gencatlg
942 ## - ADDED ENTRY ELEMENTS (KOHA)
Source of classification or shelving scheme
Koha item type Book
Holdings
Withdrawn status Lost status Source of classification or shelving scheme Materials specified (bound volume or other part) Damaged status Not for loan Permanent Location Current Location Shelving location Date acquired Total Checkouts Total Renewals Full call number Barcode Date last seen Date last checked out Copy number Price effective from Koha item type Public note
      CSS Corner Book     Central Library (CL) Central Library (CL) Central Superior Services 10/16/2017 1 3 954.91 AZI CL522 09/10/2022 12/19/2021 1 10/16/2017 CSS Corner CSS Corner Book
© 2023 Central Library, National University of Sciences and Technology. All Rights Reserved.